HarryPotter for experts Quiz Stats

 Plays Quiz not verified by Sporcle

Challenge
Share
Tweet
Embed
Score 0/28 Timer 05:00
0 Plays Today
% Correct
harry
84.3%
ron
77.9%
harry
76.6%
hermione
73.4%
tom riddle
39%
ginny
38.5%
snape
37.6%
sirius
32.3%
umbrella
25.1%
lily
22.7%
locket
17.7%
bill
15%
dobby
14.3%
arthur
13.3%
% Correct
dursleys
8.4%
viktor
6.9%
sword
5.8%
Chamber of Secrets
5.8%
slughorn
5.4%
potions
5.2%
muggles
4.2%
cake
3.8%
death eaters
3.8%
regulus black
3.5%
bathroom
2.7%
flying car
2.7%
hugo
2.2%
quidditch world cup
2%

You're not logged in!

Compare scores with friends on all Sporcle quizzes.
Join for Free
OR
Log In

You Might Also Like...

Show Comments

Extras

Top Quizzes Today


Score Distribution

Your Account Isn't Verified!

In order to create a playlist on Sporcle, you need to verify the email address you used during registration. Go to your Sporcle Settings to finish the process.

Report this User

Report this user for behavior that violates our Community Guidelines.

Details: